000 01072nam a22003498i 4500
999 _c2669
_d2669
001 018216581
003 Uk
005 20230809143746.0
008 170127s2017 enka 000|0|eng|d
015 _aGBB719651
_2bnb
016 7 _a018216581
_2Uk
020 _a9780198399650 (pbk.)
040 _aStDuBDS
_beng
_cStDuBDS
_erda
_dKH8
082 0 4 _a910 FRE
100 1 _aFretwell, Muriel,
_eauthor.
245 1 0 _aGeography for Cambridge International AS & A level /
_cMuriel Fretwell, David Kelly, John Nanson.
263 _a201701
264 1 _aOxford :
_bOxford University Press,
_c[2017?]
300 _av, 500 pages :
_billustrations (colour) ;
_c28 cm
336 _atext
_2rdacontent
336 _astill image
_2rdacontent
337 _aunmediated
_2rdamedia
338 _avolume
_2rdacarrier
500 _aIncludes ebook access.
521 2 _aAS.
521 2 _aA-level.
650 0 _aGeography.
650 0 _aGeography
_xExaminations
_vStudy guides.
700 1 _aKelly, David
_c(Geographer),
_eauthor.
700 1 _aNanson, John,
_eauthor.
942 _2ddc
_cTR